| 000 -LEADER |
| fixed length control field |
00736nam a22002057a 4500 |
| 005 - DATE AND TIME OF LATEST TRANSACTION |
| control field |
20141010043103.0 |
| 008 - FIXED-LENGTH DATA ELEMENTS--GENERAL INFORMATION |
| fixed length control field |
080523s2008 onca b i001 0 eng |
| 020 ## - INTERNATIONAL STANDARD BOOK NUMBER |
| International Standard Book Number |
9789280811551 |
| 024 #0 - OTHER STANDARD IDENTIFIER |
| Terms of availability |
eng |
| 080 ## - UNIVERSAL DECIMAL CLASSIFICATION NUMBER |
| Universal Decimal Classification number |
546.1 |
| 245 00 - TITLE STATEMENT |
| Title |
Making choices about hydrogen : |
| Statement of responsibility, etc |
edited by Lynn K. Mytelka and Grant Boyle. |
| 250 ## - |
| -- |
1 st.ed.; |
| 260 ## - |
| -- |
Ottawa : |
| -- |
International Development Research Centre ; |
| -- |
Tokyo ; |
| -- |
New York : |
| -- |
United Nations University Press, |
| -- |
2008. |
| 300 ## - |
| -- |
379 f. : |
| -- |
me il.; |
| -- |
23 cm. |
| 504 ## - BIBLIOGRAPHY, ETC. NOTE |
| Bibliography, etc |
Includes bibliographical references and index f. 360-379 |
| 650 #0 - |
| -- |
Hindrogjeni |
| 700 1# - |
| -- |
Mytelka, Lynn Krieger. |
| 700 1# - |
| -- |
Boyle, Grant. |
| 942 ## - ADDED ENTRY ELEMENTS (KOHA) |
| Source of classification or shelving scheme |
|
| Item type |
Books |